Footballer by Career Path #2 - Statistics

General Stats
  • This quiz has been taken 88 times
  • The average score is 9 of 16
Answer Stats
Clubs Player % Correct
Atletico Madrid**, Liverpool, Chelsea, Milan**, Sagan Tosu Fernando Torres
82%
PSG, Juventus, Bayern Munich** Kingsley Coman
78%
Guadalajara, Manchester United, Real Madrid*, Bayer Leverkusen, West Ham Javier Hernandez
76%
Vitoria, Kawasaki**, Sapporo*, Tokyo Verdy**, Porto, Zenit, Shanghai SIPG Hulk
74%
Milan, Dijon*, Lille*, Monaco*, St Etienne**, Borussia Dortmund, Arsenal Pierre-Emerick Aubameyang
68%
Colo-Colo, Bayer Leverkusen, Juventus, Bayern Munich, Barcelona Arturo Vidal
66%
Stuttgart, Real Madrid, Juventus Sami Khedira
62%
+Palmeiras, Inter Milan, Real Madrid, Fenerbahce, Corinthians, Anzhi, Delhi Dynamos Roberto Carlos
54%
+ASEC Mimosas, Arsenal, Manchester City, Liverpool, Celtic Kolo Toure
51%
+Ajax, AC Milan, Juventus, Barcelona*, Inter Milan, Spurs, Crystal Palace, Barnet Edgar Davids
49%
Arsenal, Brentford*, Roma*, Juventus Wojciech Szczesny
43%
Valencia, Getafe*, Real Madrid, Napoli Raul Albiol
42%
+Leeds, Liverpool, Galatasaray, Melbourne Victory, Al-Gharafa, Melbourne Heart Harry Kewell
41%
Marseille, Tours*, Clermont, Udinese, Roma, Bayern Munich, Juventus**, Al-Duhail Medhi Benatia
39%
+Estoril, Vitoria Setubal, Porto, Chelsea Paulo Ferreira
29%
NY Red Bulls, Heerenveen, Monchengladbach, Aston Villa*, Chievo, Roma, Toronto Michael Bradley
24%
No matching quizzes found
Score Distribution
Percent of People with Each Score
Percentile by Number Answered
Your Score History
You have not taken this quiz